Sport injury prevention anatomy / (Record no. 51222)

MARC details
000 -LEADER
fixed length control field 00550nam a2200205Ia 4500
005 - DATE AND TIME OF LATEST TRANSACTION
control field 20260429111854.0
008 - FIXED-LENGTH DATA ELEMENTS--GENERAL INFORMATION
fixed length control field 260429s9999||||xx |||||||||||||| ||und||
020 ## - INTERNATIONAL STANDARD BOOK NUMBER
International Standard Book Number 9781718208285
041 ## - LANGUAGE CODE
Language English
082 ## - DEWEY DECIMAL CLASSIFICATION NUMBER
Classification number 617.1027
Item number POT
100 ## - MAIN ENTRY--PERSONAL NAME
Personal name Potach, David
245 #0 - TITLE STATEMENT
Title Sport injury prevention anatomy /
Statement of responsibility, etc David Potach
260 ## - PUBLICATION, DISTRIBUTION, ETC. (IMPRINT)
Place of publication, distribution, etc United States :
Name of publisher, distributor, etc Human kinetics,
Date of publication, distribution, etc 2023.
300 ## - PHYSICAL DESCRIPTION
Extent x, 220 p.; pbk
650 ## - SUBJECT ADDED ENTRY--TOPICAL TERM
Topical term or geographic name as entry element Injury prevention
650 ## - SUBJECT ADDED ENTRY--TOPICAL TERM
Topical term or geographic name as entry element Sports medicine
650 ## - SUBJECT ADDED ENTRY--TOPICAL TERM
Topical term or geographic name as entry element Human anatomy
700 ## - ADDED ENTRY--PERSONAL NAME
Personal name Meira, Erik
942 ## - ADDED ENTRY ELEMENTS (KOHA)
Koha item type Text Books
Holdings
Withdrawn status Lost status Damaged status Not for loan Collection code Home library Location Shelving location Date of Cataloging Source of acquisition Total Checkouts Full call number Barcode Date last seen Price effective from Koha item type
        Non-fiction CUTN Central Library CUTN Central Library Medicine, Technology & Management 29/04/2026 Prashant Book Agency, New Delhi - Invoice No. 537 on 09-02-2026   617.1027 POT 56080 29/04/2026 29/04/2026 Text Books